[Event "BL2-N9596"]
[Site "Germany"]
[Date "1996.??.??"]
[Round "?"]
[White "Kapischka, Jens"]
[Black "Ehrke, Michael"]
[Result "1/2-1/2"]
[WhiteElo "2310"]
[BlackElo "2270"]

1.Nf3 d5 2.g3 Nf6 3.Bg2 Bf5 4.O-O e6 5.d3 h6 6.Nbd2 Be7 7.Qe1 O-O 8.e4 Bh7
9.Qe2 c5 10.Re1 Nc6 11.e5 Nd7 12.Nf1 b5 13.h4 a5 14.N1h2 a4 15.a3 Re8 16.Bf4 Nb6
17.h5 d4 18.g4 Nd5 19.Bd2 Rc8 20.Nf1 c4 21.Ng3 c3 22.bxc3 Nxc3 23.Bxc3 dxc3
24.Reb1 b4 25.axb4 Nxb4 26.Ne4 a3 27.Rb3 Nd5 28.Nd4 Qc7 29.Nd6 Nf4 30.Qf3 Bxd6
31.Nb5 Qc5 32.d4 Qc4 33.Nxd6 Qxd4 34.Nxe8 Rxe8 35.Rbxa3 Bxc2 36.Qe3 Qd2 37.Bf1 Qxe3
38.fxe3 Nd5 39.Ra8 Rxa8 40.Rxa8+ Kh7 41.Kf2 Be4 42.Rc8 c2 43.Bg2 Bxg2 44.Kxg2 Nxe3+
45.Kf3 Nd5 46.Rxc2 g6 47.Ke4  1/2-1/2

[Event "BL2-O9596"]
[Site "Germany"]
[Date "1996.??.??"]
[Round "?"]
[White "Schirm, Friedmar"]
[Black "Proehl, Holger"]
[Result "1/2-1/2"]
[WhiteElo "2295"]
[BlackElo "2300"]

1.Nf3 d5 2.g3 Nf6 3.Bg2 e6 4.O-O c5 5.c4 Be7 6.b3 O-O 7.Bb2 Nc6 8.e3 b6 9.Nc3 Bb7
10.cxd5 exd5 11.d4 Re8 12.Rc1 Rc8 13.Bh3 Rb8 14.Re1 Bf8 15.Bg2 h6 16.dxc5 bxc5
17.Na4 Ne4 18.Nd2 Nb4 19.Nxe4 dxe4 20.Qxd8 Rexd8 21.Be5 Ra8 22.Nb2 Nxa2 23.Ra1 Nb4
24.Red1 Rxd1+ 25.Rxd1 Re8 26.Bc3 Bc6 27.Ra1 Re7 28.Bf1 Nd5 29.Be1 Nb6 30.Nc4 Bd5
31.Ra6 Nxc4 32.Bxc4 Bxc4 33.bxc4 Rb7 34.Kg2 Rb1 35.Ba5 Rc1 36.Rxa7 Rxc4 37.Bc7 f6
38.g4 Rc2 39.Ra8 Rd2 40.Re8 Kf7 41.Rxe4 Rd7 42.Ba5 Ra7 43.Bc3 Ra3 44.Be1 Bd6
45.h4 Ra7 46.h5 Ra1 47.Kf1 Ra2  1/2-1/2

[Event "Oberliga Nord W9596"]
[Site "Germany"]
[Date "1996.??.??"]
[Round "?"]
[White "Franke, Reiner"]
[Black "Mende, Andreas"]
[Result "1/2-1/2"]
[WhiteElo "2290"]
[BlackElo "2215"]

1.Nf3 d5 2.g3 c6 3.Bg2 Bg4 4.b3 Nd7 5.Bb2 Ngf6 6.O-O e6 7.c4 Bd6 8.d4 O-O
9.Nbd2 Qe7 10.Re1 Ba3 11.Qc1 Bxb2 12.Qxb2 Rfd8 13.Rac1 Rac8 14.b4 Ne4 15.Nxe4 dxe4
16.Nd2 f5 17.f3 exf3 18.exf3 Bh5 19.c5 b5 20.cxb6 Nxb6 21.f4 Qd6 22.Nc4 Qxd4+
23.Qxd4 Rxd4 24.Na5 Be8 25.a3 Rd3 26.Nxc6 Bxc6 27.Rxc6 Rxc6 28.Bxc6 Rxa3
29.Rxe6 Rb3 30.b5 Kf7 31.Re5 Kf6 32.Kf2 Rb2+ 33.Re2 Rxe2+ 34.Kxe2 Ke6 35.Kd3 Kd6
36.Kd4 Na4 37.Bf3 Nc5 38.Bd1 Ne6+ 39.Kc4 Nc7 40.Be2 Nd5 41.Kd4 g6 42.Bd3 Nf6
43.Bc4 Ne4 44.g4 Nd2 45.gxf5 gxf5 46.Bd3 Nf3+ 47.Kc4 Nh4 48.Kd4 h6 49.Bb1 Ng2
50.Bxf5 Nxf4 51.Bg4 Nd5 52.Be2 Nc7 53.Bf1 Nxb5+  1/2-1/2

[Event "BL2-N9596"]
[Site "Germany"]
[Date "1996.??.??"]
[Round "?"]
[White "Bagirov, Vladimir"]
[Black "Bauer, Reinhard"]
[Result "1/2-1/2"]
[WhiteElo "2515"]
[BlackElo "2315"]

1.Nf3 d5 2.g3 Nf6 3.Bg2 g6 4.c4 c6 5.b3 Bg7 6.Bb2 O-O 7.O-O Re8 8.d3 Nbd7
9.Qc2 e5 10.cxd5 Nxd5 11.a3 Qe7 12.e4 Nc7 13.Nbd2 Ne6 14.Nc4 f6 15.b4 Nb6
16.Na5 Rd8 17.Rac1 Bh6 18.Rcd1 Rb8 19.d4 Nxd4 20.Nxd4 exd4 21.Bxd4 Bg4 22.Rd3 Rd7
23.h3 Be6 24.Bc5 Qf7 25.Rxd7 Qxd7 26.Rd1 Qf7 27.f4 f5 28.e5 Bf8 29.Bxf8 Qxf8
30.Qf2 Qf7 31.Qd4 Bd5 32.Bxd5 Qxd5 33.Qxd5+ Nxd5 34.b5 Nc3 35.Rd7 cxb5 36.Nxb7 Ne4
37.g4 Rf8 38.g5 Re8 39.Nd6 Nxd6 40.Rxd6 Re7 41.Rd8+ Kf7 42.Rb8 a6 43.Rb6 Re6
44.Rb8 Rc6 45.Rb7+ Ke6 46.Rxh7 Kd5 47.Rd7+ Ke4 48.Rd6 Rc3 49.Kf2 Kxf4 50.e6 Rc2+
51.Kf1 Rc7 52.Rxa6 Kxg5 53.Rb6 Ra7 54.Kf2 Rxa3 55.e7 Ra8 56.h4+ Kh5 57.Kg3 Re8
58.Rb7 b4 59.Kf4 Kxh4 60.Ke5 b3 61.Kf6 b2 62.Rb4+ Kg3 63.Rb3+ Kg4 64.Rxb2 f4
65.Rg2+ Kh3 66.Rxg6 f3 67.Kf7 Rxe7+ 68.Kxe7 f2 69.Rf6 Kg2 70.Rxf2+ Kxf2  1/2-1/2

[Event "BL2-S9596"]
[Site "Germany"]
[Date "1996.??.??"]
[Round "?"]
[White "Huber, Armin"]
[Black "Schulze, Ulrich"]
[Result "1/2-1/2"]
[WhiteElo "2325"]
[BlackElo "2370"]

1.Nf3 d5 2.g3 Nf6 3.Bg2 c6 4.O-O Bg4 5.d3 Nbd7 6.b3 e5 7.c4 Bd6 8.cxd5 cxd5
9.Nc3 O-O 10.Bb2 d4 11.Nb5 Be7 12.h3 Be6 13.Rc1 Rc8 14.Rxc8 Qxc8 15.Qd2 Qb8
16.Ng5 Bd5 17.Qa5 Bxg2 18.Kxg2 Nd5 19.Nxd4 N7b6 20.Qd2 exd4 21.Bxd4 Rd8 22.Nf3 Bf6
23.Bxf6 Nxf6 24.Rc1 h6 25.Rc2 a6 26.e4 Rc8 27.Rxc8+ Qxc8 28.Nd4 Qd8 29.Qe3 Nc8
30.Ne2 Qa5 31.Qc1 Ne7 32.Qc2 Qe5 33.f3 Nc6 34.Qd2 Qa5 35.Qxa5 Nxa5 36.Kf2 Nc6
37.Ke3 Nb4 38.Nc1 Nc2+ 39.Kd2 Nd4 40.Ke3 Nc2+ 41.Kd2 Nd4 42.Ke3 Nc6 43.d4 Kf8  1/2-1/2

[Event "BL2-S9596"]
[Site "Germany"]
[Date "1996.??.??"]
[Round "?"]
[White "Schindler, Werner"]
[Black "Dittmar, Peter"]
[Result "1/2-1/2"]
[WhiteElo "2315"]
[BlackElo "2380"]

1.Nf3 d5 2.g3 Nf6 3.Bg2 c6 4.O-O Bg4 5.d4 e6 6.Nbd2 Nbd7 7.c4 Be7 8.b3 O-O
9.Bb2 a5 10.a3 b5 11.c5 h6 12.b4 Qc7 13.Bc3 axb4 14.axb4 Rxa1 15.Qxa1 Ne4
16.Nxe4 dxe4 17.Nd2 Bxe2 18.Re1 Bd3 19.Nxe4 Bxe4 20.Rxe4 Nf6 21.Re2 Nd5 22.Ra2 Bf6
23.Bd2 Rc8 24.Ra8 Qd8 25.Rxc8 Qxc8 26.Bxd5 exd5 27.Be3 Kh7 28.Qb1+ g6 29.Qa2 h5
30.h4 Kg7 31.Qa7 Qg4 32.Qc7 Qe6 33.Kf1 Qe8 34.Kg1 Qe6 35.Kf1 Kg8 36.Qb8+ Kh7
37.Qc7 Kg7 38.Kg1 Qe8  1/2-1/2

[Event "BL2-S9596"]
[Site "Germany"]
[Date "1996.??.??"]
[Round "?"]
[White "Siepelt, Heiner"]
[Black "Rausis, Igors"]
[Result "1/2-1/2"]
[WhiteElo "2350"]
[BlackElo "2490"]

1.Nf3 d5 2.g3 Bg4 3.Bg2 Nd7 4.O-O c6 5.d3 Ngf6 6.Nbd2 e5 7.e4 dxe4 8.dxe4 Bc5
9.h3 Bh5 10.Qe1 O-O 11.Nh4 Re8 12.Nb3 Bf8 13.Be3 Qc7 14.a4 a5 15.f3 Bb4 16.Qf2 b5
17.Rfb1 Reb8 18.Bf1 Ne8 19.g4 Bg6 20.Nd2 Nf8 21.c3 Be7 22.Nf5 Ne6 23.Nxe7+ Qxe7
24.axb5 cxb5 25.b4 a4 26.c4 Nd6 27.cxb5 Nxb5 28.Nc4 Ned4 29.Na5 Nc3 30.Bxd4 exd4
31.Nc6 Qd6 32.Nxb8 Nxb1 33.Na6 Nc3 34.Nc5 f6 35.Bc4+ Bf7 36.Bxf7+ Kxf7 37.Kg2 a3
38.Qc2 a2 39.Qb3+ Kg6 40.Qc2 Qf4 41.e5+ Kh6 42.e6 g6 43.Ne4 Nd5 44.Qf2 Nxb4
45.h4 Rc8 46.g5+ Kg7 47.gxf6+ Kh6 48.Qg3 Rc2+ 49.Kh3 Qf5+ 50.Qg4 Nd5 51.Qxf5 gxf5
52.e7 Nf4+ 53.Kg3 Nh5+ 54.Kh3 Nf4+ 55.Kg3 Nh5+ 56.Kh3 Nf4+ 57.Kg3  1/2-1/2

[Event "BL2-S9596"]
[Site "Germany"]
[Date "1996.??.??"]
[Round "?"]
[White "Zuse, Klaus Peter"]
[Black "Donev, Ivo Hristov"]
[Result "0-1"]
[WhiteElo "2335"]
[BlackElo "2375"]

1.Nf3 d5 2.g3 c6 3.Bg2 Bg4 4.Ne5 Bh5 5.d4 Nd7 6.Nd3 e6 7.Nf4 Bg4 8.f3 Bf5
9.e4 Bg6 10.Nc3 Bb4 11.Qd3 Ngf6 12.Bd2 dxe4 13.fxe4 e5 14.Nxg6 hxg6 15.a3 exd4
16.axb4 Ne5 17.Qf1 dxc3 18.Bxc3 Qe7 19.O-O-O O-O 20.Qf4 Rfe8 21.h4 Qc7 22.Bh3 a5
23.bxa5 Rxa5 24.b3 Ra7 25.Kb2 Nh5 26.Qf2 b5 27.Bd4 Rb7 28.Kb1 Nf6 29.Rhe1 b4
30.Kb2 Rb5 31.Bf1 Nfg4 32.Qf4 Ra5 33.Ra1 c5 34.Bxe5 Nxe5 35.Rxa5 Qxa5 36.Ra1 Qd8
37.Bb5 Qd4+ 38.Kb1 Rd8 39.Ra6 Qc3 40.Qf1 Nf3 41.Qc1 c4  0-1

[Event "BL2-W9596"]
[Site "Germany"]
[Date "1996.??.??"]
[Round "?"]
[White "Bayer, Ernst Wolfgang"]
[Black "Schwamberger, Martin"]
[Result "1-0"]
[WhiteElo "2300"]
[BlackElo "2315"]

1.Nf3 d5 2.g3 Nf6 3.Bg2 e6 4.O-O Be7 5.d3 b6 6.Nbd2 Bb7 7.e4 dxe4 8.dxe4 O-O
9.e5 Nfd7 10.Re1 Nc6 11.Qe2 Qc8 12.Nf1 Rd8 13.h4 Nc5 14.Qc4 a5 15.a3 Qd7
16.Qg4 Qe8 17.Bg5 a4 18.N1h2 Rd7 19.Bf6 Qf8 20.Ng5 h6 21.Ne4 Nxe4 22.Rxe4 Ra5
23.Rxa4 h5 24.Qf4 gxf6 25.Rxa5 Nxa5 26.exf6 Bxf6 27.Qxf6 Bxg2 28.Kxg2 Qg7
29.Qxg7+ Kxg7 30.Nf3 f6 31.Kf1 e5 32.Ke2 c5 33.b3 Nc6 34.Rd1 Nd4+ 35.Nxd4 exd4
36.c3 Ra7 37.cxd4 Rxa3 38.dxc5 bxc5 39.Rd3 Kf7 40.Re3 Ra2+ 41.Kf3 Kg6 42.Rc3 Rb2
43.Ke3 Kf7 44.f3 Ke6 45.Ke4 Rb1 46.Rd3 Re1+ 47.Re3 Rd1 48.Rd3 Re1+ 49.Re3 Rd1
50.Kf4+ Kf7 51.Rc3 Rd4+ 52.Kf5 Rd5+ 53.Ke4 Rd4+ 54.Kf5 Rd5+ 55.Ke4 Rd4+ 56.Ke3 Rb4
57.Kd2 Ke6 58.Re3+ Kd5 59.Kc3 Rb8 60.Rd3+ Kc6 61.Re3 Kd6 62.Rd3+ Kc6 63.Kd2 Rg8
64.f4 Rg7 65.Ke2 Rb7 66.Kf3 f5 67.Ke3 Rb8 68.Kd2 Ra8 69.Re3 Ra2+ 70.Kd3 Rg2
71.Re5 Kb5 72.Rxf5 Rxg3+ 73.Ke4 Rxb3 74.Rxh5 Kc6 75.Rh6+ Kd7 76.h5 c4 77.Rh7+ Ke6
78.Rc7 Rh3 79.Rc6+ Kd7 80.Rc5 c3 81.f5 Rxh5 82.Rxc3 Rh6 83.Ke5 Ra6 84.Re3 Ke7
85.Rb3 Ra5+ 86.Kf4 Kf6 87.Rb6+ Kf7 88.Kg5 Ra1 89.Rb7+ Kf8 90.Kg6 Ra6+ 91.f6 Ra8
92.Rh7 Kg8 93.f7+ Kf8 94.Rh8+  1-0

[Event "BL2-W9596"]
[Site "Germany"]
[Date "1996.??.??"]
[Round "?"]
[White "Dietzel, Jan"]
[Black "Winzbeck, Frank"]
[Result "1-0"]
[WhiteElo "2280"]
[BlackElo "2020"]

1.Nf3 d5 2.g3 Nf6 3.Bg2 c5 4.O-O Nc6 5.d4 Bg4 6.Ne5 cxd4 7.Nxg4 Nxg4 8.e3 Nf6
9.exd4 e6 10.c4 Be7 11.cxd5 Nxd5 12.Nc3 O-O 13.Nxd5 exd5 14.Be3 Bf6 15.Qa4 Qb6
16.Rfd1 Rfd8 17.Rac1 Rac8 18.Rc5 a6 19.Bxd5 Ne7 20.Qc4 Qxb2 21.Bxf7+ Kf8
22.Be6 Rxc5 23.Qxc5 Qe2 24.Rd2 Qe1+ 25.Kg2 Qb1 26.d5 h5 27.d6 Nc6 28.f3 Qg6
29.Bb3 h4 30.Qd5 h3+ 31.Kf2  1-0

[Event "BL9596 (Women)"]
[Site "Germany"]
[Date "1996.??.??"]
[Round "?"]
[White "Braun, Regine"]
[Black "Seidemann, Ulrike"]
[Result "1/2-1/2"]
[WhiteElo "2005"]
[BlackElo "2090"]

1.Nf3 d5 2.g3 g6 3.Bg2 Bg7 4.d3 e5 5.c4 d4 6.Nbd2 Nc6 7.Qa4 Bd7 8.b4 a6 9.Qb3 Nge7
10.Ne4 O-O 11.Nc5 Bc8 12.h4 b6 13.Na4 Rb8 14.Bd2 Bf5 15.h5 e4 16.Nh4 e3 17.fxe3 dxe3
18.Bc3 Nd4 19.Bxd4 Bxd4 20.O-O-O c5 21.hxg6 hxg6 22.Bh3 Bxh3 23.Rxh3 g5 24.Ng2 Qd7
25.Rdh1 Ng6 26.Nc3 Qg4 27.Kd1 Rfc8 28.Nd5 Qe6 29.Rh5 Qe5 30.Ngf4 Rb7 31.Nxg6 fxg6
32.Rh6 Qe6 33.bxc5 Rxc5 34.Qa4 Bg7 35.R6h2 a5 36.Qb3 Rf7 37.Nc3 Rcf5 38.Ne4 Rf1+
39.Rxf1 Rxf1+ 40.Kc2 Rf8 41.Nxg5  1/2-1/2

[Event "Bundesliga 9596"]
[Site "Germany"]
[Date "1996.??.??"]
[Round "?"]
[White "Appel, Ralf"]
[Black "Schiffer, Kai Uwe"]
[Result "1-0"]
[WhiteElo "2430"]
[BlackElo "2325"]

1.Nf3 d5 2.g3 Nf6 3.Bg2 e6 4.O-O Be7 5.d3 b6 6.e4 c5 7.exd5 exd5 8.Re1 O-O
9.Ne5 Bb7 10.Nc3 Na6 11.Bg5 h6 12.Bxf6 Bxf6 13.Ng4 Nc7 14.Qf3 Bxc3 15.bxc3 Rb8
16.Re5 Ne6 17.Qf5 d4 18.Bxb7 Rxb7 19.c4 b5 20.Rae1 bxc4 21.dxc4 Kh8 22.Rd5 Qa5
23.Rxe6  1-0

[Event "Bundesliga 9596"]
[Site "Germany"]
[Date "1996.??.??"]
[Round "?"]
[White "Appel, Ralf"]
[Black "Stangl, Markus"]
[Result "1/2-1/2"]
[WhiteElo "2430"]
[BlackElo "2560"]

1.Nf3 d5 2.g3 c6 3.Bg2 Bg4 4.O-O Nd7 5.d3 Ngf6 6.Nbd2 e5 7.e4 dxe4 8.dxe4 Bc5
9.h3 Bh5 10.Qe1 O-O 11.Nc4 Re8 12.b4 Bf8 13.Bb2 Bxf3 14.Bxf3 Qe7 15.Na5 Qxb4
16.Bc3 Qa4 17.Nxb7 Rab8 18.Rb1 Qxa2 19.Rb2 Qe6 20.Kg2 Nb6 21.Na5 Na4 22.Rxb8 Rxb8
23.Bxe5 Rb5 24.Bxf6 Qxf6 25.Nb3 Qb2 26.Qa1 Rb4 27.Qxb2 Nxb2 28.Na5 c5 29.e5 a6
30.Ra1 g6 31.Bd5 Rd4 32.c4 Rd2 33.Ra2 Bg7 34.Nc6 h5 35.Nd8 Bxe5 36.Nxf7 Bd4
37.Ng5+ Kh8 38.Ne4 Rc2 39.h4 Nd3 40.Rxa6 Nxf2 41.Nxf2 Rxf2+  1/2-1/2

[Event "Bundesliga 9596"]
[Site "Germany"]
[Date "1996.??.??"]
[Round "?"]
[White "Beckemeier, Werner"]
[Black "Boensch, Uwe"]
[Result "1-0"]
[WhiteElo "2375"]
[BlackElo "2550"]

1.Nf3 d5 2.g3 c6 3.Bg2 Bg4 4.O-O Nd7 5.d4 e6 6.Nbd2 f5 7.c4 Bd6 8.Qb3 Rb8
9.Re1 Qe7 10.cxd5 cxd5 11.Ne5 Bxe5 12.dxe5 Nh6 13.Nf3 Bxf3 14.exf3 Nc5 15.Qa3 Nf7
16.Be3 Na6 17.Bxa7 Qxa3 18.bxa3 Ra8 19.Bd4 Kd7 20.Rab1 Rhb8 21.Rb3 Nd8 22.Reb1 Nc6
23.Be3 Kc8 24.f4 Nc7 25.Bb6 Ra4 26.Bf1 Na5 27.Rc1 Nc4 28.Rbc3 Na8 29.Bxc4 dxc4
30.Rxc4+ Rxc4 31.Rxc4+ Kd7 32.Rd4+ Ke8 33.Rd6 Ke7 34.Bc5 Nc7 35.Rb6+ Kd7
36.Bd6 Nd5 37.Rb3 Rg8 38.Rxb7+ Kc6 39.Rb8 Rxb8 40.Bxb8 Kb5 41.Kg2 Nc3 42.Bd6 Nxa2
43.Bf8 g6 44.Kh3 Nc1 45.Kh4 Nd3 46.Kg5 Kc6 47.Kh6 Nxf2 48.Kxh7 Ng4 49.h4  1-0

[Event "Bundesliga 9596"]
[Site "Germany"]
[Date "1996.??.??"]
[Round "?"]
[White "Kaiser, Wolfgang"]
[Black "Ellinger, Hans"]
[Result "1-0"]
[WhiteElo "2410"]
[BlackElo "2300"]

1.Nf3 d5 2.g3 Nc6 3.Bg2 e5 4.d3 Nf6 5.O-O Bg4 6.h3 Be6 7.Ng5 Bd7 8.c3 h6
9.Nf3 Bd6 10.Qc2 Qe7 11.e4 dxe4 12.dxe4 g5 13.Nfd2 Bc5 14.b4 Bb6 15.a4 a6
16.Ba3 Qe6 17.Re1 h5 18.Nf1 Ne7 19.Ne3 Bxe3 20.Rxe3 Ng6 21.Nd2 Nf4 22.gxf4 gxf4
23.Rd3 Rg8 24.Qa2 Qc6 25.Qc4 Qxa4 26.Qxc7 Rg5 27.Nf3 Rc8  1-0

[Event "Bundesliga 9596"]
[Site "Germany"]
[Date "1996.??.??"]
[Round "?"]
[White "Maiwald, Jens Uwe"]
[Black "Lau, Ralf"]
[Result "0-1"]
[WhiteElo "2485"]
[BlackElo "2490"]

1.Nf3 d5 2.g3 c6 3.Bg2 Nd7 4.d3 Ngf6 5.Nbd2 e5 6.O-O Bd6 7.e4 O-O 8.h3 Re8
9.Re1 Bc7 10.Nb3 h6 11.Nh4 Nf8 12.Nf5 Bxf5 13.exf5 Qd7 14.g4 Qd6 15.Nd2 Re7
16.Nf1 Rae8 17.Bd2 e4 18.d4 N6h7 19.a4 Qf6 20.Bb4 Rd7 21.Qd2 Qh4 22.Ra3 Rdd8
23.a5 Nd7 24.Rc3 a6 25.Rb3 Ng5 26.Qd1 Kh7 27.Re2 Nf6 28.Be1 Nf3+ 29.Bxf3 exf3
30.Rxf3 Nxg4 31.Rd3 Nf6 32.f4 Qh5 33.Re5 Qxd1 34.Rxd1 Nh5 35.Bd2 Bxe5 36.fxe5 f6
37.Re1 g6 38.fxg6+ Kxg6 39.e6 Ng7 40.e7 Rd7 41.Bb4 Nf5 42.Kf2 Kf7 43.Ng3 Nxe7  0-1

[Event "Bundesliga 9596"]
[Site "Germany"]
[Date "1996.??.??"]
[Round "?"]
[White "Maiwald, Jens Uwe"]
[Black "Raetsky, Alexander"]
[Result "1/2-1/2"]
[WhiteElo "2455"]
[BlackElo "2485"]

1.Nf3 d5 2.g3 Nc6 3.Bg2 e5 4.d3 g6 5.O-O Bg7 6.Nbd2 Nge7 7.e4 O-O 8.c3 a5
9.a4 h6 10.Re1 Be6 11.exd5 Bxd5 12.Qe2 Qd7 13.Nc4 Rfe8 14.Na3 f5 15.Nb5 Rad8
16.Be3 g5 17.Qc2 Ng6 18.Rad1 b6 19.Bc1 Qf7 20.Nd2 Bxg2 21.Kxg2 Re7 22.Nc4 Red7
23.b3 Nce7 24.b4 axb4 25.cxb4 e4 26.d4 Nd5 27.Qb3 c6 28.Nba3 b5 29.axb5 cxb5
30.Na5 Ra8 31.Kg1 Bf8  1/2-1/2

[Event "Bundesliga 9596"]
[Site "Germany"]
[Date "1996.??.??"]
[Round "?"]
[White "Meyer, Claus Dieter"]
[Black "Florath, Patrick"]
[Result "0-1"]
[WhiteElo "2330"]
[BlackElo "2275"]

1.Nf3 d5 2.g3 Nf6 3.Bg2 e6 4.O-O Be7 5.d3 c5 6.Nbd2 Nc6 7.e4 O-O 8.Re1 b5
9.a4 bxa4 10.Rxa4 a5 11.e5 Nd7 12.Nf1 Rb8 13.Ra2 Nb4 14.Ra1 Ba6 15.h4 Nc6
16.Rb1 Rb6 17.Bf4 Qb8 18.b3 Rb4 19.Ra1 Qc7 20.Ne3 Kh8 21.c3 Rb7 22.Nxd5 exd5
23.e6 Bd6 24.Bxd6 Qxd6 25.exd7 Rxd7 26.d4 Rdd8 27.Ne5 cxd4 28.Nxc6 Qxc6 29.Qxd4 Qb5
30.Qa4 Qd3 31.Qxa5 Bb7 32.Rad1 Qc2 33.c4 Ba8 34.Rd2 Qxb3 35.cxd5 h6 36.Red1 f5
37.Rd3 Qc2 38.R3d2 Qb3 39.Rd3 Qc2 40.Qd2 Qc5 41.Qf4 Rd6 42.Rd4 Rd7 43.h5 Rdd8
44.d6 Bxg2 45.Kxg2 Qc6+ 46.Qf3 Qb5 47.Rd5 Qa4 48.R1d4 Qa8 49.Re5 Qa1 50.Qd5 Qa7
51.Re7 Rd7 52.Re6 Qb6 53.Qe5 Qc6+ 54.Rd5 Kh7 55.Re7 Rf7 56.Rxd7 Qxd7 57.Rd4 Rf6
58.Qc5 f4 59.Qc2+ Kh8 60.Qc1 f3+  0-1

[Event "BL2-S9697"]
[Site "Germany"]
[Date "1996.??.??"]
[Round "?.2"]
[White "Zuse, Klaus Peter"]
[Black "Grund, Holger"]
[Result "1/2-1/2"]
[WhiteElo "2340"]
[BlackElo "2375"]

1.g3 d5 2.Nf3 Nf6 3.Bg2 c6 4.O-O Bg4 5.b3 e6 6.Bb2 Nbd7 7.c4 Bd6 8.d3 O-O
9.Nbd2 Qe7 10.Rc1 a5 11.Qc2 Rfe8 12.e4 dxe4 13.Nxe4 Nxe4 14.dxe4 Bxf3 15.Bxf3 e5
16.Rcd1 Bc5 17.Bg4 Nf6 18.Bf3 a4 19.Rd3 axb3 20.axb3 Red8 21.Rfd1 Rxd3 22.Qxd3 Kf8
23.Qc3 Ra2 24.b4 Bxb4 25.Qxe5 Qxe5 26.Bxe5 Bc5 27.Bd6+ Bxd6 28.Rxd6 Ke7 29.Rd1 Nd7
30.Bg4 Nc5 31.e5 Rc2 32.Rd4 Ne6 33.Re4 c5 34.Bxe6 Kxe6 35.Kg2 g5 36.g4 Rd2
37.Kf3 Rd3+ 38.Kg2 Rc3 39.f4 gxf4 40.Rxf4 Kxe5 41.Rf5+ Kd6 42.Rxf7 Rxc4 43.Kf3 b5
44.Rxh7 b4 45.Rb7 Rc3+ 46.Kg2 Ke5 47.g5 Kf5 48.h4 b3 49.Rb6 Rc4 50.Rxb3 Rxh4
51.Rg3 Kg6  1/2-1/2

[Event "Bundesliga 9596"]
[Site "Germany"]
[Date "1996.??.??"]
[Round "?"]
[White "Niermann, Michael"]
[Black "Florath, Patrick"]
[Result "1/2-1/2"]
[WhiteElo "2285"]
[BlackElo "2275"]

1.Nf3 d5 2.g3 Nf6 3.Bg2 e6 4.O-O Be7 5.d3 b6 6.Nbd2 Bb7 7.e4 c5 8.Re1 Nc6
9.a3 Qc7 10.c3 h6 11.b4 dxe4 12.dxe4 Rd8 13.Qe2 cxb4 14.cxb4 a5 15.bxa5 Nxa5
16.Bb2 Bc5 17.Ne5 O-O 18.Nec4 Nxc4 19.Nxc4 Bd4 20.e5 Bxb2 21.Qxb2 Bxg2 22.Kxg2 Nd5
23.Ne3 Nxe3+ 24.Rxe3 Rd5 25.Rc1 Rc5 26.Rxc5 Qxc5 27.Rb3 Ra8 28.Rb5 Qxa3 29.Qxa3 Rxa3
30.Rxb6  1/2-1/2

[Event "Bundesliga 9596"]
[Site "Germany"]
[Date "1996.??.??"]
[Round "?"]
[White "Podzielny, Karl Heinz"]
[Black "Brunner, Lucas"]
[Result "0-1"]
[WhiteElo "2465"]
[BlackElo "2510"]

1.Nf3 d5 2.g3 c6 3.Bg2 Bf5 4.O-O Nf6 5.b3 e6 6.Bb2 h6 7.c4 Be7 8.d3 O-O 9.Nbd2 Nbd7
10.a3 a5 11.Rc1 Bh7 12.Rc2 Re8 13.Qa1 Bf8 14.Bh3 Bf5 15.Bxf5 exf5 16.e3 dxc4
17.Nxc4 Nh7 18.Nd4 g6 19.Qd1 Ndf6 20.Nf3 Bg7 21.Re1 Ng5 22.Bxf6 Bxf6 23.d4 Qe7
24.Nxg5 hxg5 25.Qd3 Kg7 26.a4 Red8 27.Rcc1 Qe6 28.Nd2 Be7 29.Red1 Bb4 30.Nc4 Qf6
31.Rc2 Rh8 32.Ne5 Rad8 33.f4 g4 34.e4 fxe4 35.Qxe4 Rhe8 36.Rcc1 Qf5 37.Qxf5 gxf5
38.Kf2 f6 39.Nc4 Kg6 40.Rc2 Re4 41.Re2 Rexd4 42.Rxd4 Rxd4 43.Re8 b5 44.Ne3 Rd2+
45.Kf1 Bc5  0-1

[Event "BL2-N9596"]
[Site "Germany"]
[Date "1996.??.??"]
[Round "?"]
[White "Pachow, Joerg"]
[Black "Zieher, Hartmut"]
[Result "1-0"]
[WhiteElo "2305"]
[BlackElo "2210"]

1.Nf3 d5 2.g3 g6 3.Bg2 Bg7 4.O-O e5 5.d3 Ne7 6.e4 O-O 7.exd5 Nxd5 8.Nbd2 c5
9.a3 Nc6 10.Rb1 b6 11.Re1 Bb7 12.h4 Qd7 13.h5 Rae8 14.hxg6 hxg6 15.Ne4 Nc7
16.Nh4 Ne6 17.b4 cxb4 18.axb4 Ne7 19.Ra1 a6 20.c3 Ra8 21.Qf3 Nd5 22.Qg4 f5
23.Qxg6 Ne7 24.Qh5 fxe4 25.dxe4 Qe8 26.Qg4 Qf7 27.Rf1 a5 28.Be3 axb4 29.Rxa8 Rxa8
30.cxb4 Bc8 31.Nf5 Nd4 32.Nh6+ Kf8 33.Qh4 Qg6 34.Nf5 Ra7 35.Nxg7 Nec6 36.Qh8+ Kf7
37.Nf5 Bxf5 38.exf5 Qxf5 39.b5 Ne7 40.Bxd4 exd4 41.Qxd4 Qxb5 42.Re1 Rd7 43.Qf4+ Kg7
44.Bh3 Ra7 45.Qd4+ Kf7 46.Be6+ Kg6 47.Qg4+ Kh6 48.Bf7 Qc5 49.Re6+ Kh7 50.Qh4+ Kg7
51.Qf6+ Kh7 52.Qh6+  1-0

[Event "Oberliga Nord O9697"]
[Site "Germany"]
[Date "1996.??.??"]
[Round "?"]
[White "Schoene, Ralf"]
[Black "Bagirov, Vladimir"]
[Result "1-0"]
[WhiteElo "2405"]
[BlackElo "2515"]

1.Nf3 d5 2.g3 Bg4 3.h3 Bxf3 4.exf3 e6 5.Bg2 g6 6.c3 c5 7.d4 cxd4 8.Qxd4 Nf6
9.O-O Nc6 10.Qd3 Bg7 11.Be3 O-O 12.f4 Qc7 13.Nd2 Rfd8 14.Nb3 Rac8 15.Rac1 Ne8
16.Nd4 Nxd4 17.Bxd4 Bxd4 18.Qxd4 b5 19.h4 Qc5 20.Rfd1 a5 21.a3 Qxd4 22.Rxd4 Nd6
23.Rc2 Rc4 24.Rdd2 Rdc8 25.Bf1 R4c7 26.Bd3 h5 27.Re2 Kg7 28.Kf1 Ra7 29.Re1 Kf6
30.Ke2 Rb8 31.Ra1 Rc7 32.Kd2 Nc4+ 33.Ke2 Nd6 34.Rac1 Rd7 35.Rd1 Rb6 36.Kd2 b4
37.axb4 axb4 38.cxb4 Rxb4 39.Ra1 Rdb7 40.Kc1 Rb3 41.Rd2 Ne4 42.Bxe4 dxe4
43.Re2 Kf5 44.Ra4 R3b4 45.Rxb4 Rxb4 46.Kc2 Kg4 47.Re3 f5 48.Kc3 Rb8 49.b4 Kh3
50.Re2 Kg2 51.Kc4 Kf3 52.Rb2 e3 53.fxe3 Kxg3 54.b5 Kxh4 55.Rg2 Rc8+ 56.Kb4 Rc1
57.Rxg6 Rb1+ 58.Kc5 Rc1+ 59.Kd6 Rb1 60.Kc6 Rc1+ 61.Kb7 Rc3 62.Rxe6 Kg4 63.b6 h4
64.Rg6+ Kf3 65.Rh6 Kg4 66.Ka6 Ra3+ 67.Kb5 Rxe3 68.b7 Rb3+ 69.Kc6 Rc3+ 70.Kd7 Rb3
71.Kc7 h3 72.Rg6+ Kxf4 73.Rb6 Rxb6 74.Kxb6 Kg3 75.b8=Q+ Kg2 76.Qg8+ Kh1 77.Qd5+ Kg1
78.Qd4+ Kg2 79.Qd2+ Kg1 80.Qg5+ Kh1 81.Qc1+ Kg2 82.Qd2+ Kg1 83.Qe1+ Kg2 84.Qe2+ Kg1
85.Qe3+ Kg2 86.Qg5+ Kh1 87.Kc5 h2 88.Kd4 f4 89.Qg4 f3 90.Ke3 f2 91.Qf3+ Kg1
92.Qxf2+ Kh1  1-0

[Event "Landesliga Sued 9697 Bayern"]
[Site "Germany"]
[Date "1996.??.??"]
[Round "?"]
[White "Terzic, Safet"]
[Black "Schoellmann, Jochen"]
[Result "1-0"]
[WhiteElo "2320"]
[BlackElo "2285"]

1.Nf3 d5 2.g3 Nf6 3.Bg2 c6 4.O-O Bg4 5.d3 e6 6.b3 Bd6 7.Bb2 O-O 8.c4 Qe7
9.Qc2 e5 10.Nbd2 a5 11.a3 Nbd7 12.e4 dxe4 13.dxe4 Bc5 14.h3 Bh5 15.Rfe1 Rfe8
16.Nh4 Nf8 17.Nf5 Qc7 18.g4 Bg6 19.Nf3 Bxf5 20.exf5 e4 21.Nd4 Rad8 22.Rad1 Qf4
23.Bc1 Qe5 24.Ne2 Rxd1 25.Rxd1 e3 26.f4 Qe7 27.g5 Nh5 28.Kh1 Qc7 29.Bb2 Nxf4
30.Qc3 f6 31.Nxf4 Qxf4 32.gxf6 Qxf5 33.Rf1 e2 34.Rxf5 e1=Q+ 35.Rf1 Qxc3 36.f7+ Kh8
37.fxe8=Q  1-0

[Event "BL2-N9596"]
[Site "Germany"]
[Date "1996.??.??"]
[Round "?"]
[White "Thiede, Lars"]
[Black "Salzenberg, Dirk"]
[Result "1-0"]
[WhiteElo "2320"]
[BlackElo "2220"]

1.g3 d5 2.Nf3 Nf6 3.Bg2 c6 4.b3 Bf5 5.Bb2 Nbd7 6.O-O e6 7.d3 Bc5 8.c4 O-O
9.Nbd2 h6 10.a3 a5 11.Ra2 Qe7 12.Qa1 Rfd8 13.Bc3 Bh7 14.Bh3 Bd6 15.cxd5 cxd5
16.Nd4 Rdc8 17.Nb5 Bc5 18.Nf3 Bb6 19.Rc2 Nc5 20.Bxf6 gxf6 21.Rfc1 Rd8 22.Qb2 e5
23.Nh4 Ne6 24.Bxe6 fxe6 25.Nc7 Rab8 26.Ng2 Kf7 27.Nb5 e4 28.d4 e3 29.Rc3 exf2+
30.Kxf2 Be4 31.Qd2 Kg7 32.Ne3 f5 33.Ng2 Rd7 34.e3 Qg5 35.Nf4 Qg4 36.Qe2 Qxe2+
37.Kxe2 Kf6 38.Nd3 Bxd3+ 39.Kxd3 e5 40.dxe5+ Kxe5 41.Rc8 Rxc8 42.Rxc8 Rh7
43.Nc3 h5 44.Re8+ Kd6 45.Rg8 Bc5 46.Rg6+ Ke5 47.Ne2 Bxa3 48.Nd4  1-0

[Event "BL2-N9596"]
[Site "Germany"]
[Date "1996.??.??"]
[Round "?"]
[White "Thiede, Lars"]
[Black "Schoeneich, Matthias"]
[Result "1/2-1/2"]
[WhiteElo "2320"]
[BlackElo "2255"]

1.g3 d5 2.Nf3 c6 3.b3 Nf6 4.Bb2 Bg4 5.Bg2 Nbd7 6.O-O e6 7.d3 Be7 8.Nbd2 O-O
9.e4 dxe4 10.dxe4 e5 11.Qe1 Qc7 12.Nc4 Bxf3 13.Bxf3 b5 14.Ne3 g6 15.Ng4 a5
16.Qe3 Nxg4 17.Bxg4 Bc5 18.Qe2 Rfe8 19.Rad1 Nf6 20.Rd3 a4 21.Bh3 axb3 22.axb3 Ra2
23.Bc1 Rd8 24.Rxd8+ Qxd8 25.Bg5 Kg7 26.Rd1 Bd4 27.Kg2 h6 28.Be3 c5 29.Qxb5 Qa8
30.Qd3 Qxe4+ 31.Qxe4 Nxe4 32.Kf3 Nc3 33.Rc1 e4+ 34.Kf4 Ne2+ 35.Kxe4 Nxc1
36.Bxc1 Bxf2 37.Kd3  1/2-1/2

[Event "Bundesliga 9596"]
[Site "Germany"]
[Date "1996.??.??"]
[Round "?"]
[White "Smejkal, Jan"]
[Black "Gabriel, Christian"]
[Result "1/2-1/2"]
[WhiteElo "2510"]
[BlackElo "2510"]

1.Nf3 d5 2.g3 Bg4 3.Bg2 Nd7 4.O-O e6 5.d4 Bd6 6.c4 c6 7.Nbd2 Ngf6 8.b3 O-O
9.Bb2 Re8 10.Re1 Qe7 11.Qc1 Rad8 12.Ne5 Bf5 13.c5 Bc7 14.b4 Ne4 15.Nf1 h6
16.f3 Nef6 17.e4 Bh7 18.Nxd7 Nxd7 19.e5 a5 20.a3 Ra8 21.Qe3 b5  1/2-1/2